| 000 | 00518nam a22001697a 4500 | ||
|---|---|---|---|
| 999 |
_c5563 _d5563 |
||
| 003 | GBCCL | ||
| 005 | 20241126110545.0 | ||
| 008 | 180327b ||||| |||| 00| 0 eng d | ||
| 040 | _cgbc | ||
| 082 |
_a228.06 _bCHA |
||
| 100 |
_aChambers, Stanford _910035 |
||
| 245 |
_aConquering and to conquer: _bThe son of God goes forth to war / _cStanford Chambers |
||
| 260 |
_bThe Exhorter Publishers, _aHammond: _c1962 |
||
| 300 | _a174 p.; | ||
| 650 |
_aBible _vRevelation _xCriticism, Interpretation,etc. _99307 |
||
| 942 |
_2ddc _cBK |
||